01071njm a22002417a 450000500170000000600190001700700150003600800410005102800320009203500130012404000130013710000180015024501180016824600670028626000450035330000950039850000170049350502330051065000370074370000150078070000220079570000120081720100901115333.0a|||||r|||||00| 0 sd ammalaaahaa100901t xxu||||| |||| 00| 0 eng d aN 55657bHis Master's Voice aGR-01792 aSEDcSED aMohammad Rafi aAbhilasha /cby Mohammad Rafi [and] Manna Dey ; music by Rahur Dev Burman ; lyrices by Majroohh[Sound recording] aअभिलाषा / मोहम्मद रफ़ी  aDUM DUM, IndiabHis Master's Voicec1968 a1 Sound disc [Gramophone Recording] :banalog, 33 1/3 rpmc9.5 in. (MP)fGramophone Record aBrief record aSide-1 एक जानिब सहमे महफ़िल (Ak janib shame mahfil) (Mohammad Rafi [and] Manna Dey) --Side-2 प्यार हुआ है जबसे (Pyar huaa hae jabse) (Lata Mangeshkar & Kishore Kumar) aClassical musicxExcerptszIndia aDey, Manna aBurman, Rahul Dev aMajrooh